1768 1358 1718 1914 1990 1045 1198 1297 1133 1187 1802 1375 1152 1159 1149 1830 1751 1235 1117 1941 1578 1572 1543 1143 1442 1542 1137 1633 1413 1895 1654 1480 1913 1873 1865 1137 1799 1218 1578 1018 1694 1264 1478 1120 1689 1454 1740 1747 1650 1683 1433 1958 1528 1573 1539 1125 1152 1062 1287 1520 1198 1319 1909 1590 1687 1073 1092 1351 1207 1727 1515 1978 1242 1297 1224 1507 1792 1360 1893 1258 1223 1699 1361 1937 1974 1314 1515 1156 1333 1287 1270 1980 1621 1761 1291 1093 1350 1831 1843 BCNSPRNW ULIB Ver.6.0+V

เปลี่ยนเป็นภาษาไทย

Change to English
 แสดงรายละเอียดบรรณานุกรม
  กลับหน้าหลัก

Brief Record : Get Marc (ISO 2709) : E-mail record : QR code < ปิดหน้าต่าง
LEADER : 00000nam 2200000uu 4500
001    13399127709
003     ULIB
008    020711s2563 th a 000 0 tha d
060    ^aWY160^bศ169ค
100    ^aศราวุธ ภู่บุญ
245    ^aคู่มือการดูแลผู้ป่วยจิตเวชมีพฤติกรรมก้าวร้าวรุนแรงที่มารับบริการในคลินิกจิตเวชฉุกเฉินโรงพยาบาลจิตเวชนครสวรรค์ราชนครินทร์
250    ^aพิมพ์ครั้งที่ 1
260    ^aนครสวรรค์ :^bกลุ่มงานการพยาบาลผู้ป่วยจิตเวชฉุกเฉิน โรงพยาบาลจิตเวชนครสวรรค์ราชนครินทร์,^c2563
300    ^a50 หน้า;^b30 ซม.
650    ^aการพยาบาล-ผู้ป่วยจิตเวช
945    ^p0^l0^i008034
999    ^aประนอม เกษจรัล
รายการนี้ยังไม่มีแท็ก
คุณยังไม่ได้ล็อกอิน คุณสามารถมีกิจกรรมร่วมกับเว็บไซต์ได้ แต่ต้องล็อกอินก่อน ::
  ล็อกอิน

รายการสื่อสารสนเทศ

ลำดับที่ ประเภท เลขเรียก/บาร์โค้ด สถานที่ สถานะ
1. Book การพยาบาล
Book การพยาบาล
WY160 ศ169ค ฉ.1 
  Barcode: 008034
ห้องสมุดวิทยาเขตสวรรค์ประชารักษ์
►หนังสือทั่วไป
บนชั้น

BibComment


ยังไม่เคยถูกคอมเมนท์

คอมเมนท์ทรัพยากรรายการนี้
  คอมเมนท์: คู่มือการดูแลผู้..


 Copyright 2026. Bcnsprnw @Library